Rovnosť prístupu k zdraviu. 2

Úloha zdravotných poisťovní v oblasti prevencie. Autor vysvetľuje problematiku plurality slovenských poisťovní v porovnaní so systémom zdravotného poistenia v USA. Zmena a vývoj systémov zdravotného poistenia.

Na minha lista:
Detalhes bibliográficos
Autor principal: Kleskeň, Peter
Formato: Capítulo de Livro
Idioma:eslovaco
Assuntos:
Tags: Adicionar Tag
Sem tags, seja o primeiro a adicionar uma tag!

MARC

LEADER 00000naa a2200000 4500
001 r028161
005 20230824093337.8
041 0 |a slo 
044 |a SK 
245 1 0 |a Rovnosť prístupu k zdraviu. 2  |c P. Kleskeň 
520 |a Úloha zdravotných poisťovní v oblasti prevencie. Autor vysvetľuje problematiku plurality slovenských poisťovní v porovnaní so systémom zdravotného poistenia v USA. Zmena a vývoj systémov zdravotného poistenia. 
610 2 0 |a poistenie zdravotné 
610 2 0 |a Slovensko 
610 2 0 |a USA 
610 2 0 |a zdravotníctvo 
100 1 |a Kleskeň, Peter